000 02037cam a2200205 a 4500
999 _c7423
_d7423
020 _a0471458058 (pbk.)
050 0 0 _aHD57.7
_b.L47
100 _aSpreitzer, Gretchen M.
245 0 0 _aLeadership /
_cGretchen M. Spreitzer, editor, Kimberly Hopkins Perttula, editor.
260 _aHoboken, NJ :
_bWiley,
_cc2004.
300 _axi, 186 p. ;
_c23 cm.
440 0 _aWiley Fast company reader series
500 _aArticles previously published in Fast Company.
505 _aSECTION 1: LESSONS OF LEADERSHIP. Michael Porter's Big Ideas (Keith H. Hammonds) Marcus Buckingham Thinks Your Boss Has an Attitude Problem (Polly LaBarre) Andy Pearson Find Love (David Dorsey) How Do We Break Out of the Box We're Stuck In? (Keith H. Hammonds) I Can Only Compete through My Crew (Bill Breen) Leadership Ensemble (Ron Lieber) The Agenda-Grassroots Leadership (Polly LaBarre) SECTION 2: LEADING AMIDST CHANGE Practical Radicals (Keith H. Hammonds) Five Habits of Highly Reliable Organizations (Keith H. Hammonds) Resistance Fighter (Bill Breen and Cheryl Dahle) I've Always Been a Human Modem (Paul C. Judge) The Not-So-Quick Fix (Keith H. Hammonds) How EDS Got Its Groove Back (Bill Breen) Fresh Start 2002: On the Road Again (Chuck Salter) SECTION 3: THE LEADER AS LEARNER (ESPECIALLY FROM FAILURE) Learning for a Change (Alan M. Webber) Will Companies Ever Learn? (Alan M. Webber) Where There's Smoke It Helps to Have a Smoke Jumper (Anna Muoio) How to Bounce Back from Setbacks (Rekha Balu) SECTION 4: LEADING OTHERS IN A GLOBAL, DIVERSE WORLD Mighty Is the Mongrel (G. Pascal Zachary) The Female CEO ca. 2002 (Margaret Heffernan) Difference Is Power (Keith H. Hammonds) SECTION 5: LEADERSHIP OF THE FUTURE The Leader of the Future (William C. Taylor) Rule #3: Leadership Is Confusing as Hell (Tom Peters) Do You Have the Will to Lead? (Polly LaBarre)
650 0 _aLeadership.
650 0 _aOrganizational effectiveness.
650 0 _aOrganizational change.
700 1 _aPertulla, Kimberly Hopkins.
942 _cBK